[Event "Women's Speed Chess Q7"]
[Site "chess.com INT"]
[Date "2021.06.06"]
[Round "8"]
[White "Zakirova, Aisha"]
[Black "Tania, Sachdev"]
[Result "1-0"]
[WhiteTitle "WCM"]
[BlackTitle "IM"]
[WhiteElo "1585"]
[BlackElo "2392"]
[WhiteFideId "13719734"]
[BlackFideId "5007844"]
[EventDate "2021.06.06"]

1. d4 Nf6 2. c4 e6 3. Nf3 b6 4. a3 Bb7 5. Bf4 d5 6. Nc3 Bd6 7. Ne5 Nbd7 8. Nxd7
Qxd7 9. Bxd6 cxd6 10. e3 dxc4 11. Bxc4 O-O 12. O-O Qc6 13. Qf3 Qxf3 14. gxf3
Bxf3 15. Nb5 d5 16. Bd3 Rac8 17. Nxa7 Ne4 18. Nxc8 Rxc8 19. Rfc1 Rf8 20. Rc6 f5
21. Rxb6 Rf6 22. Rc1 Rg6+ 23. Kf1 Nd2+ 24. Ke1 Ne4 25. Bxe4 fxe4 26. Rb7 h6 27.
a4 Rg1+ 28. Kd2 Rg2 29. Rf1 Rxh2 30. a5 Bg2 31. a6 Bxf1 32. a7 Rxf2+ 33. Ke1 1-0

[Event "Women's Speed Chess Q7"]
[Site "chess.com INT"]
[Date "2021.06.06"]
[Round "8"]
[White "Kotepalli, Sai Nirupama"]
[Black "Babiy, Olga"]
[Result "1-0"]
[WhiteTitle "WFM"]
[BlackTitle "WGM"]
[WhiteElo "1914"]
[BlackElo "2280"]
[WhiteFideId "5039444"]
[BlackFideId "14117258"]
[EventDate "2021.06.06"]

1. e4 c6 2. d3 d5 3. Nd2 e5 4. Ngf3 Bd6 5. g3 Ne7 6. Bg2 O-O 7. O-O h6 8. Qe2
Nd7 9. Nb3 dxe4 10. dxe4 Qc7 11. Rd1 Nf6 12. Nh4 a5 13. a4 Bg4 14. Bf3 Be6 15.
Be3 Rfd8 16. Bg2 Bg4 17. Bf3 Be6 18. c4 b6 19. Rd2 Bb4 20. Rxd8+ Rxd8 21. Rc1 c5
22. Nd2 Bxd2 23. Bxd2 Nc6 24. Be3 Nd4 25. Bxd4 Rxd4 26. Nf5 Bxf5 27. exf5 e4 28.
Bg2 Qe5 29. g4 Qf4 30. Re1 Rd2 31. Qe3 Qxe3 32. Rxe3 Re2 33. Rxe2 Nxg4 34. Rxe4
Nf6 35. Re7 Kf8 36. Rb7 Ng4 37. Bd5 Ne5 38. f4 Nd3 39. Rxf7+ Ke8 40. Rxg7 Nxf4
41. f6 Ne2+ 42. Kf2 Nd4 43. f7+ 1-0

[Event "Women's Speed Chess Q7"]
[Site "chess.com INT"]
[Date "2021.06.06"]
[Round "8"]
[White "Papp, Petra"]
[Black "Nikolova, Adriana"]
[Result "1-0"]
[WhiteTitle "WGM"]
[BlackTitle "WGM"]
[WhiteElo "2336"]
[BlackElo "2243"]
[WhiteFideId "739049"]
[BlackFideId "2908689"]
[EventDate "2021.06.06"]

1. e4 c6 2. d4 d5 3. Nd2 dxe4 4. Nxe4 Nf6 5. Nxf6+ exf6 6. c3 Bd6 7. Bd3 O-O 8.
Ne2 Re8 9. O-O Nd7 10. Ng3 Nf8 11. f4 Qc7 12. f5 Bxg3 13. hxg3 Qxg3 14. Bf4 Qh4
15. Qf3 h5 16. Be2 Bxf5 17. Bg3 Qe4 18. Qxf5 Qxe2 19. Rf2 Qg4 20. Qd3 Ng6 21.
Raf1 h4 22. Bh2 Re6 23. c4 Rd8 24. d5 cxd5 25. cxd5 Re4 26. d6 Ne5 27. Bxe5 Rxe5
28. Rd2 Rg5 29. d7 Re5 30. Qc3 1-0

[Event "Women's Speed Chess Q7"]
[Site "chess.com INT"]
[Date "2021.06.06"]
[Round "8"]
[White "Potapova, Margarita"]
[Black "Nurmanova, Alua"]
[Result "1-0"]
[WhiteTitle "WIM"]
[BlackTitle "WFM"]
[WhiteElo "2260"]
[BlackElo "2093"]
[WhiteFideId "14126869"]
[BlackFideId "13729390"]
[EventDate "2021.06.06"]

1. Nf3 Nf6 2. b3 g6 3. Bb2 Bg7 4. g3 O-O 5. Bg2 d6 6. O-O e5 7. c4 Nbd7 8. d3
Re8 9. Nc3 Nc5 10. e4 Bg4 11. h3 Bxf3 12. Bxf3 Ne6 13. Bg2 c6 14. Ne2 Nd7 15. d4
exd4 16. Nxd4 Qb6 17. Nxe6 Bxb2 18. Rb1 Bh8 19. Nf4 Qc7 20. Qd2 Rad8 21. Rbd1
Nc5 22. Nd3 Nxe4 23. Qc2 Nf6 24. Nf4 Bg7 25. h4 Re7 26. Rd2 Rde8 27. Rfd1 Ne4
28. Bxe4 Rxe4 29. Kg2 Be5 30. Qxe4 Rf8 31. Qf3 Qc8 32. Nd3 Bg7 33. Nb4 a5 34.
Nc2 Be5 35. Ne3 Re8 36. Ng4 Bg7 37. Rxd6 h5 38. Nf6+ Bxf6 39. Qxf6 1-0

[Event "Women's Speed Chess Q7"]
[Site "chess.com INT"]
[Date "2021.06.06"]
[Round "8"]
[White "Cori T., Deysi"]
[Black "Eswaran, Ashritha"]
[Result "0-1"]
[WhiteTitle "WGM"]
[BlackTitle "WIM"]
[WhiteElo "2388"]
[BlackElo "2244"]
[WhiteFideId "3801934"]
[BlackFideId "2080788"]
[EventDate "2021.06.06"]

1. d4 Nf6 2. Nf3 e6 3. e3 d5 4. Bd3 c5 5. c4 Nc6 6. O-O Be7 7. Nc3 O-O 8. cxd5
Nxd5 9. Qe2 Nxc3 10. bxc3 b6 11. Rd1 Bb7 12. Bb2 cxd4 13. cxd4 Nb4 14. Bb1 Ba6
15. Qd2 Nd5 16. e4 Bb4 17. Qc2 Rc8 18. Qa4 Nc3 19. Bxc3 Bxc3 20. Qxa6 Bxa1 21.
d5 Qd7 22. Qe2 exd5 23. exd5 g6 24. h4 Bg7 25. h5 Rfe8 26. Qd3 Rc3 27. Qd2 Qd6
28. hxg6 hxg6 29. Ng5 Rc4 30. f3 Qc5+ 31. Kh2 Bc3 32. Qd3 Be5+ 33. Kh3 Rh4+ 34.
Kxh4 Qf2+ 0-1

[Event "Women's Speed Chess Q7"]
[Site "chess.com INT"]
[Date "2021.06.06"]
[Round "8"]
[White "Buksa, Nataliya"]
[Black "Arpita, Mukherjee"]
[Result "1-0"]
[WhiteTitle "IM"]
[BlackTitle "WIM"]
[WhiteElo "2413"]
[BlackElo "2206"]
[WhiteFideId "14123622"]
[BlackFideId "5056403"]
[EventDate "2021.06.06"]

1. e4 c5 2. Nf3 d6 3. b3 e5 4. Bb2 Nf6 5. Nc3 Nc6 6. Bc4 Be7 7. O-O O-O 8. h3
Be6 9. d3 h6 10. a4 Nd4 11. Nd2 Bxc4 12. bxc4 Nd7 13. f4 exf4 14. Nd5 Bg5 15.
Bxd4 cxd4 16. Nf3 Ne5 17. Nxd4 Rc8 18. Rb1 b6 19. Nxf4 Bxf4 20. Rxf4 Qg5 21. Rf2
Qe3 22. Nf5 Qg5 23. Qc1 Qd8 24. Qf4 Rc6 25. Qg3 Ng6 26. h4 h5 27. Rbf1 Re8 28.
Nd4 Rc7 29. Nf5 Re5 30. Qf3 a6 31. Qxh5 b5 32. Qg4 Qf8 33. h5 Ne7 34. Nxd6 Rc6
35. Nxf7 1-0

[Event "Women's Speed Chess Q7"]
[Site "chess.com INT"]
[Date "2021.06.06"]
[Round "8"]
[White "Selkirk, Rebecca"]
[Black "Ortez, Andrea"]
[Result "0-1"]
[WhiteTitle "WCM"]
[BlackTitle "WIM"]
[WhiteElo "1799"]
[BlackElo "1969"]
[WhiteFideId "14306514"]
[BlackFideId "6702392"]
[EventDate "2021.06.06"]

1. e4 c5 2. c3 d5 3. exd5 Qxd5 4. d4 cxd4 5. cxd4 Nc6 6. Nf3 e5 7. Be2 exd4 8.
O-O Nf6 9. Qc2 Be7 10. Rd1 O-O 11. Nxd4 Nxd4 12. Qd3 Nxe2+ 13. Qxe2 Qc5 14. Nc3
Bg4 15. Qe3 Qxe3 16. Bxe3 Rfe8 17. Re1 Bb4 18. Rac1 Ne4 19. h3 Nxc3 20. bxc3 Bd6
21. Bd4 Be6 22. g3 b6 23. a4 Bc5 24. Bxc5 bxc5 25. Re5 c4 26. Rce1 g6 27. f4 Kg7
28. g4 Red8 29. f5 Bd5 30. g5 gxf5 31. Rxf5 Be6 32. Rf6 Rd3 33. Kf2 Rad8 34. Re3
Rxe3 35. Kxe3 Rd3+ 36. Ke4 Rxc3 37. h4 Rh3 38. Kd4 Rxh4+ 39. Kc3 Rg4 40. Rf2
Rxg5 41. Rb2 h5 42. Rb7 Ra5 43. Rxa7 Rxa7 0-1

[Event "Women's Speed Chess Q7"]
[Site "chess.com INT"]
[Date "2021.06.06"]
[Round "8"]
[White "Nguyen, Hong Ngoc"]
[Black "Komiagina, Maria"]
[Result "1-0"]
[WhiteTitle "WCM"]
[BlackTitle "WIM"]
[WhiteElo "1957"]
[BlackElo "2241"]
[WhiteFideId "12403083"]
[BlackFideId "4153987"]
[EventDate "2021.06.06"]

1. e4 g6 2. Nc3 Bg7 3. d3 c5 4. Nf3 Nc6 5. g3 e6 6. Bg2 Nge7 7. O-O O-O 8. Be3
Nd4 9. Rb1 Rb8 10. Ne2 Nxf3+ 11. Bxf3 d6 12. c3 b5 13. d4 Qc7 14. Bg2 Rd8 15.
Qc1 a5 16. Bh6 Bh8 17. Rd1 Ba6 18. Qf4 e5 19. dxe5 dxe5 20. Qe3 b4 21. cxb4 axb4
22. Rbc1 c4 23. Bf1 Rbc8 24. h4 Nc6 25. h5 Nd4 26. hxg6 hxg6 27. Bg5 Rd6 28. f4
Re8 29. fxe5 Nxe2+ 30. Bxe2 Rxd1+ 31. Rxd1 Bxe5 32. Bf4 Kg7 33. Rd5 Bxf4 34.
gxf4 Bb7 35. Rd4 Qc8 36. Rxc4 Qe6 37. Rxb4 Bxe4 38. Bf3 f5 39. Bxe4 fxe4 40.
Rb7+ 1-0

[Event "Women's Speed Chess Q7"]
[Site "chess.com INT"]
[Date "2021.06.06"]
[Round "8"]
[White "Ambartsumova, Karina"]
[Black "Gunina, Valentina"]
[Result "0-1"]
[WhiteTitle "IM"]
[BlackTitle "GM"]
[WhiteElo "2382"]
[BlackElo "2436"]
[WhiteFideId "4166299"]
[BlackFideId "4167570"]
[EventDate "2021.06.06"]

1. c4 c6 2. Nf3 d5 3. e3 Nf6 4. b3 Bg4 5. Bb2 e6 6. Be2 Be7 7. d4 O-O 8. O-O a5
9. Nc3 Nbd7 10. h3 Bxf3 11. Bxf3 Bb4 12. Qc2 Qe7 13. Rad1 Rfd8 14. g3 Rac8 15.
Qe2 h6 16. Bg2 Ra8 17. Qc2 Rdc8 18. Qe2 Bxc3 19. Bxc3 Ne4 20. Be1 Ndf6 21. f3
Nd6 22. c5 Nb5 23. a4 Nc7 24. Bc3 Nh5 25. Qf2 Rcb8 26. g4 Nf6 27. Qd2 b6 28.
cxb6 Rxb6 29. Rb1 Rba6 30. Rfc1 Nce8 31. b4 axb4 32. Bxb4 Qd7 33. a5 Nd6 34. Bf1
R6a7 35. a6 Nb5 36. Bc5 Rxa6 37. Rb2 Ra1 38. Rcb1 Rxb1 39. Rxb1 Ne8 40. Qb4 Ned6
41. Bd3 Qc7 42. Qb3 Nc4 43. Re1 Qg3+ 44. Kf1 Nd2+ 0-1

[Event "Women's Speed Chess Q7"]
[Site "chess.com INT"]
[Date "2021.06.06"]
[Round "8"]
[White "Corrales Jimenez, Zenia"]
[Black "Fernandez, Maria Florencia"]
[Result "1-0"]
[WhiteTitle "WIM"]
[BlackTitle "WIM"]
[WhiteElo "2189"]
[BlackElo "2229"]
[WhiteFideId "3506355"]
[BlackFideId "116459"]
[EventDate "2021.06.06"]

1. e4 c5 2. d4 cxd4 3. c3 d3 4. Bxd3 d6 5. c4 Nf6 6. Nc3 g6 7. Nf3 Bg7 8. O-O
O-O 9. h3 Nc6 10. Re1 h6 11. Be3 Be6 12. Nd4 Nxd4 13. Bxd4 a6 14. Rc1 Rc8 15. b3
Qa5 16. Na4 Nd7 17. Bxg7 Kxg7 18. Nc3 b5 19. Nd5 bxc4 20. Bxc4 Bxd5 21. exd5 Ne5
22. Rxe5 dxe5 23. Qe2 Qc7 24. Re1 Ra8 25. Qxe5+ Qxe5 26. Rxe5 Kf6 27. Re4 Rfd8
28. f4 Rd6 29. Kf2 a5 30. a4 Rb8 31. g4 Rb4 32. Ke3 Rdb6 33. h4 Rb7 34. g5+ hxg5
35. hxg5+ Kf5 36. Re5+ Kg4 37. Be2+ Kg3 38. Bc4 Rxb3+ 39. Bxb3 Rxb3+ 40. Kd4
Rb4+ 41. Kc5 Rxa4 42. Rxe7 Rxf4 43. d6 Rf5+ 44. Kc6 Rf2 45. d7 Rd2 46. Re8 Kg4
47. d8=Q Rxd8 48. Rxd8 Kxg5 49. Rd5+ f5 50. Rxa5 Kf4 51. Kd5 g5 52. Ra4+ Kf3 53.
Ke5 f4 54. Kf5 g4 55. Rxf4+ Kg3 56. Rxg4+ Kh3 57. Kf4 Kh2 58. Kf3 Kh1 59. Kf2
Kh2 60. Rh4# 1-0

[Event "Women's Speed Chess Q7"]
[Site "chess.com INT"]
[Date "2021.06.06"]
[Round "8"]
[White "Pourkashiyan, Atousa"]
[Black "Zaichenko, Daria"]
[Result "1-0"]
[WhiteTitle "WGM"]
[BlackTitle "WFM"]
[WhiteElo "2322"]
[BlackElo "2104"]
[WhiteFideId "12502014"]
[BlackFideId "4197453"]
[EventDate "2021.06.06"]

1. e4 c5 2. Nf3 Nc6 3. d4 cxd4 4. Nxd4 Nf6 5. Nc3 d6 6. Bc4 e5 7. Nf3 Be7 8. O-O
O-O 9. h3 Be6 10. Bb3 a5 11. Bg5 h6 12. Bxf6 Bxf6 13. Bd5 Bxd5 14. Nxd5 Bg5 15.
c3 Ne7 16. Qd3 Nxd5 17. Qxd5 Be7 18. Rad1 Rc8 19. Qxb7 Rb8 20. Qa7 Rxb2 21. Nxe5
Qc8 22. Nd3 Rb7 23. Qxa5 Bf6 24. Nf4 Bxc3 25. Qh5 Be5 26. Nd5 Qe6 27. f4 Bb2 28.
Rde1 f5 29. Qf3 fxe4 30. Qxe4 Qxe4 31. Rxe4 Ra7 32. a4 Rfa8 33. Rb1 Ba3 34. Nc3
Bc5+ 35. Kf1 Ra5 36. Ke2 Kh7 37. Kd3 Rc8 38. Rb5 Rxb5 39. Nxb5 d5 40. Re5 d4 41.
a5 1-0

[Event "Women's Speed Chess Q7"]
[Site "chess.com INT"]
[Date "2021.06.06"]
[Round "8"]
[White "Shuvalova, Polina"]
[Black "Batsiashvili, Nino"]
[Result "1/2-1/2"]
[WhiteTitle "IM"]
[BlackTitle "GM"]
[WhiteElo "2489"]
[BlackElo "2491"]
[WhiteFideId "24171760"]
[BlackFideId "13602993"]
[EventDate "2021.06.06"]

1. e4 c6 2. d4 d5 3. exd5 cxd5 4. Bd3 Nc6 5. c3 g6 6. Ne2 Nf6 7. O-O Bf5 8. Bg5
Bg7 9. Bxf5 gxf5 10. Bxf6 Bxf6 11. Nd2 e6 12. Nf3 h5 13. Nf4 h4 14. Re1 Qd6 15.
Nd3 O-O-O 16. b4 Kb8 17. a4 f4 18. Qd2 h3 19. Qxf4 Qxf4 20. Nxf4 hxg2 21. Kxg2
Rdg8+ 22. Kh1 Rh6 23. Rg1 Rgh8 24. Rg2 Ne7 25. Rag1 Rc8 26. Ne2 a5 27. b5 Rc4
28. Ra1 Ka7 29. Ne1 Nf5 30. Kg1 Nd6 31. Nd3 Ne4 32. Nb2 Rc8 33. Rc1 Rh4 34. f3
Nd6 35. Rg4 Rh6 36. Kg2 Rch8 37. Rh1 Nf5 38. Nd1 Nh4+ 39. Kg3 Nf5+ 40. Kg2 Be7
41. h3 Bd6 42. f4 Nh4+ 43. Kf2 Nf5 44. Kg2 Rh5 45. Rg5 R5h6 46. Rg4 1/2-1/2

[Event "Women's Speed Chess Q7"]
[Site "chess.com INT"]
[Date "2021.06.06"]
[Round "8"]
[White "Golubenko, Valentina"]
[Black "Fominykh, Maria"]
[Result "0-1"]
[WhiteTitle "WGM"]
[BlackTitle "WGM"]
[WhiteElo "2209"]
[BlackElo "2206"]
[WhiteFideId "4501993"]
[BlackFideId "4142411"]
[EventDate "2021.06.06"]

1. d4 d6 2. Nf3 Nf6 3. g3 g6 4. Bg2 Bg7 5. O-O O-O 6. c4 Nc6 7. Nc3 Bd7 8. d5
Na5 9. Nd2 c5 10. e4 a6 11. Qe2 Rb8 12. a4 e6 13. Rb1 exd5 14. cxd5 Re8 15. b4
cxb4 16. Rxb4 Qc7 17. Bb2 Qc5 18. Na2 Nxd5 19. Rc1 Qa7 20. Bxg7 Kxg7 21. Rb2 Nf6
22. Nb4 Qd4 23. Nb3 Qxb4 24. Nc5 Qd4 25. Nxd7 Nxd7 26. Rd2 Qf6 27. Rcd1 Re6 28.
Qe3 Ne5 29. Qa7 Nac6 30. Qb6 Nc4 31. Qc7 Nxd2 32. Rxd2 Rbe8 33. Qxb7 Qa1+ 34.
Bf1 Ne5 35. Qd5 Nf3+ 36. Kg2 Nxd2 37. Qxd2 Rxe4 38. Bd3 Rd4 39. Qc2 Qa3 40. Bxa6
Qb4 41. Bb5 Rd2 42. Qc1 Qd4 43. Qf1 Rb2 44. h4 Rc8 45. Bd3 Rc3 46. Be2 Rcc2 47.
Kf3 Rxe2 48. Qxe2 Rxe2 0-1

[Event "Women's Speed Chess Q7"]
[Site "chess.com INT"]
[Date "2021.06.06"]
[Round "8"]
[White "Cyfka, Karina"]
[Black "Padmini, Rout"]
[Result "0-1"]
[WhiteTitle "IM"]
[BlackTitle "IM"]
[WhiteElo "2417"]
[BlackElo "2370"]
[WhiteFideId "1122681"]
[BlackFideId "5029295"]
[EventDate "2021.06.06"]

1. d4 Nf6 2. c4 c5 3. d5 b5 4. cxb5 a6 5. e3 g6 6. Nc3 d6 7. Nf3 Bg7 8. a4 O-O
9. Ra3 Nbd7 10. Be2 axb5 11. Bxb5 Bb7 12. O-O Nb6 13. e4 Ba6 14. Re1 Bxb5 15.
Nxb5 Nfd7 16. Ra2 c4 17. Be3 Qb8 18. Nfd4 Qb7 19. Nc6 Ne5 20. Bxb6 Nxc6 21. dxc6
Qxb6 22. c7 Rfc8 23. Qd5 Be5 24. Qxc4 d5 25. exd5 Bxc7 26. Nxc7 Rxc7 27. Qd3 Qb4
28. g3 Qxe1+ 29. Kg2 Qb4 30. b3 Rac8 31. a5 Rc3 32. Qe2 Qc5 33. a6 Qxd5+ 34. Kh3
Rxb3 35. a7 Qd7+ 36. Kg2 Ra8 37. Qc4 Rb7 38. Qe4 Raxa7 39. Re2 Kg7 40. Qe5+ f6
41. Qe4 Ra6 42. f3 Qc6 43. Kh3 Qxe4 44. Rxe4 Rab6 45. f4 e6 46. Rc4 e5 47. fxe5
fxe5 48. Re4 Re6 49. Kg4 Rd7 50. Kh3 Rd3 0-1

[Event "Women's Speed Chess Q7"]
[Site "chess.com INT"]
[Date "2021.06.06"]
[Round "8"]
[White "Kanyamarala, Trisha"]
[Black "Priyanka, K"]
[Result "0-1"]
[WhiteTitle "WIM"]
[BlackTitle "WIM"]
[WhiteElo "2180"]
[BlackElo "2218"]
[WhiteFideId "45004722"]
[BlackFideId "5082986"]
[EventDate "2021.06.06"]

1. e4 c5 2. Nf3 d6 3. d4 cxd4 4. Qxd4 Nf6 5. c4 a6 6. h3 e5 7. Qe3 Be6 8. Nc3
Nbd7 9. Be2 Rc8 10. Nd5 Bxd5 11. cxd5 Be7 12. O-O O-O 13. Bd2 Nc5 14. Bd3 Nh5
15. Qe2 Nf4 16. Bxf4 exf4 17. Bc2 Bf6 18. Rab1 Re8 19. Rfe1 Be5 20. Qd2 Qf6 21.
b4 Nd7 22. Re2 Bc3 23. Qd1 Ne5 24. Nd4 Bxd4 25. Bb3 Bc3 26. Rc2 f3 27. Rbc1 fxg2
28. Rxc3 Rxc3 29. Rxc3 Qf4 30. Qe2 Qh4 31. Rg3 g6 32. Kxg2 Qf4 33. Qe3 Qf6 34.
f4 Nd7 35. Bc2 b5 36. Qc3 Qxc3 37. Rxc3 Nf6 38. Kf3 h5 39. Rc6 Rd8 40. Rxa6 Ne8
41. Bd3 Rc8 42. Bxb5 Nc7 43. Rc6 Kf8 44. Ba6 Ra8 45. b5 Nxa6 0-1

[Event "Women's Speed Chess Q7"]
[Site "chess.com INT"]
[Date "2021.06.06"]
[Round "8"]
[White "Balabayeva, Xeniya"]
[Black "Vo, Thi Kim Phung"]
[Result "0-1"]
[WhiteTitle "WFM"]
[BlackTitle "WGM"]
[WhiteElo "2116"]
[BlackElo "2335"]
[WhiteFideId "13719688"]
[BlackFideId "12401838"]
[EventDate "2021.06.06"]

1. e4 e6 2. d4 d5 3. Nd2 Nf6 4. e5 Nfd7 5. Bd3 c5 6. c3 b6 7. Ne2 Ba6 8. Bxa6
Nxa6 9. O-O Be7 10. f4 f5 11. exf6 Bxf6 12. Nf3 O-O 13. Ne5 Nc7 14. Be3 c4 15.
Qd2 b5 16. Ng3 g6 17. Rae1 Bh4 18. Qe2 Nf6 19. Bc1 Bxg3 20. hxg3 Ne4 21. Qf3 Ne8
22. g4 N8d6 23. Qh3 Qe7 24. g3 a5 25. Kg2 Qg7 26. Rh1 b4 27. g5 Nf5 28. Rxe4
dxe4 29. g4 Ne7 30. Nxc4 Nd5 31. Qg3 bxc3 32. bxc3 Rac8 33. Nd6 Rxc3 34. Qe1
Rc2+ 35. Kg3 Qxd4 36. Qxe4 Rc3+ 37. Kg2 Qxe4+ 38. Nxe4 Rc2+ 39. Kg3 Rxa2 40. Bd2
Ra4 41. Re1 Rd4 42. Re2 a4 43. Bc1 a3 44. Kg2 Rd3 45. Nc5 Rc3 46. Bd2 Rxc5 47.
Rxe6 Nxf4+ 0-1

[Event "Women's Speed Chess Q7"]
[Site "chess.com INT"]
[Date "2021.06.06"]
[Round "8"]
[White "Semenova, Elena1"]
[Black "Mohota, Nisha"]
[Result "1-0"]
[WhiteTitle "WIM"]
[BlackTitle "IM"]
[WhiteElo "2246"]
[BlackElo "2195"]
[WhiteFideId "24125148"]
[BlackFideId "5004330"]
[EventDate "2021.06.06"]

1. e4 Nf6 2. e5 Nd5 3. d4 d6 4. Nf3 dxe5 5. Nxe5 c6 6. c4 Nb4 7. Be3 Bf5 8. Na3
e6 9. Be2 Nd7 10. O-O Nxe5 11. dxe5 Be7 12. Qe1 O-O 13. Rd1 Qc7 14. Bd4 Rad8 15.
h3 Nxa2 16. c5 b6 17. cxb6 axb6 18. Bc4 Nb4 19. Qe3 c5 20. Bc3 Rxd1 21. Rxd1 Nc6
22. Nb5 Qb8 23. Nd6 Bg6 24. Bb5 Na7 25. Be2 Rd8 26. Qf4 Nc6 27. g3 Nd4 28. Bxd4
cxd4 29. Qxd4 Qc7 30. Bf3 Rd7 31. Kg2 h6 32. Qf4 Qd8 33. h4 Bf8 34. h5 Bh7 35.
Rd2 Qe7 36. Rd1 Qd8 37. Qd4 Qe7 38. Qxb6 Qg5 39. Qe3 Qxe3 40. fxe3 Bxd6 41. Rxd6
Rc7 42. b4 Kf8 43. b5 Ke7 44. Bc6 Rc8 45. b6 Rb8 46. b7 f6 47. Rd7+ Kf8 48. exf6 1-0

[Event "Women's Speed Chess Q7"]
[Site "chess.com INT"]
[Date "2021.06.06"]
[Round "8"]
[White "Gevorgyan, Maria"]
[Black "Perez Rodriguez, Jennifer"]
[Result "0-1"]
[WhiteTitle "WGM"]
[BlackTitle "WIM"]
[WhiteElo "2219"]
[BlackElo "2251"]
[WhiteFideId "13300270"]
[BlackFideId "3507831"]
[EventDate "2021.06.06"]

1. e4 e5 2. Nf3 Nc6 3. d4 exd4 4. Nxd4 Bb4+ 5. c3 Bc5 6. Nb3 Bb6 7. Qe2 d6 8.
Be3 Nf6 9. Bxb6 axb6 10. N1d2 O-O 11. g3 Re8 12. Bg2 d5 13. O-O Nxe4 14. Nxe4
dxe4 15. Bxe4 f5 16. Bd5+ Kh8 17. Qh5 g6 18. Qf3 Ne5 19. Qg2 c6 20. Bf3 Qf6 21.
Nd4 Bd7 22. Rfe1 Rad8 23. Rad1 c5 24. Nc2 Nxf3+ 25. Qxf3 Bc6 26. Qf4 Rxd1 27.
Rxd1 Qe6 28. Ne3 Kg7 29. Qc7+ Re7 30. Qf4 Qe5 31. Qxe5+ Rxe5 32. Rd8 Kf6 33. Rh8
h6 34. Rxh6 Re7 35. Rh8 Rd7 36. Rf8+ Kg7 37. Re8 Rd2 38. Re7+ Kf6 39. Rc7 Rxb2
40. h4 Rb1+ 41. Nf1 Bb5 42. c4 Bxc4 43. g4 fxg4 44. Kg2 Bxf1+ 45. Kg3 Be2 46.
Kf4 Bf3 47. Rd7 Rb4+ 48. Ke3 Re4+ 49. Kd3 Rd4+ 50. Rxd4 cxd4 51. Kxd4 Ke6 52.
Kc4 Kd6 53. Kb5 Ke5 54. Kxb6 Kf4 55. Kc5 g3 56. fxg3+ Kxg3 57. Kd4 Kxh4 58. Ke3
Bc6 59. a4 g5 60. a5 Kh3 61. Kf2 g4 62. Kg1 g3 63. Kf1 Kh2 0-1

[Event "Women's Speed Chess Q7"]
[Site "chess.com INT"]
[Date "2021.06.06"]
[Round "8"]
[White "Mendoza, Shania Mae"]
[Black "Kulkarni, Bhakti"]
[Result "1-0"]
[WhiteTitle "WFM"]
[BlackTitle "IM"]
[WhiteElo "2158"]
[BlackElo "2391"]
[WhiteFideId "5211158"]
[BlackFideId "5019516"]
[EventDate "2021.06.06"]

1. e4 e5 2. Nf3 Nc6 3. d4 exd4 4. Bc4 Nf6 5. e5 d5 6. Bb5 Ne4 7. Nxd4 Bd7 8.
Bxc6 bxc6 9. O-O Be7 10. Nc3 Nxc3 11. bxc3 O-O 12. Bf4 c5 13. Nb3 Bc6 14. Re1 f6
15. e6 g5 16. Be3 d4 17. cxd4 c4 18. Nd2 Qd5 19. Qf3 Qxe6 20. Qg3 Bd6 21. Bxg5
Qxe1+ 22. Rxe1 Bxg3 23. Bh6 Bd6 24. Bxf8 Kxf8 25. Nxc4 Rd8 26. c3 Bd5 27. Ne3
Bxa2 28. Ra1 Be6 29. Rxa7 Rb8 30. g3 Bh3 31. f4 Rb1+ 32. Kf2 Rh1 33. Kf3 Rxh2
34. g4 Rb2 35. Kg3 Re2 36. Nf5 Bf1 37. c4 Rg2+ 38. Kf3 Rd2 39. c5 Be7 40. Rxc7
Re2 41. d5 Re1 42. d6 Bd8 43. Rxh7 Bb5 44. Rh8+ Kf7 45. Rxd8 Bc6+ 46. Kf2 Rc1
47. Rc8 Rc2+ 48. Ke3 Rxc5 49. d7 Rc3+ 50. Kd4 Bxd7 51. Rxc3 Bxf5 52. gxf5 Ke7
53. Rc6 Kf7 54. Kd5 Ke7 55. Rc7+ Kd8 56. Ra7 Kc8 57. Ke6 Kb8 58. Re7 Kc8 59.
Kxf6 Kd8 60. Ke6 Kc8 61. f6 Kb8 62. f7 Ka8 63. f8=Q# 1-0

[Event "Women's Speed Chess Q7"]
[Site "chess.com INT"]
[Date "2021.06.06"]
[Round "8"]
[White "Mkrtchian, Lilit"]
[Black "Ortiz Verdezoto, Anahi"]
[Result "1-0"]
[WhiteTitle "IM"]
[BlackTitle "WIM"]
[WhiteElo "2388"]
[BlackElo "2013"]
[WhiteFideId "13300601"]
[BlackFideId "3614581"]
[EventDate "2021.06.06"]

1. e4 e5 2. Nf3 Nc6 3. Bb5 a6 4. Ba4 Nf6 5. O-O b5 6. Bb3 Be7 7. Re1 d6 8. c3
O-O 9. h3 Nb8 10. d4 Nbd7 11. Nbd2 c5 12. Nf1 c4 13. Bc2 Re8 14. Ng3 Bf8 15. a4
Bb7 16. d5 Qc7 17. Bg5 h6 18. Be3 Nc5 19. Qd2 Rab8 20. axb5 axb5 21. Nh2 Bc8 22.
Ra3 Bd7 23. Rea1 Rb7 24. f3 Reb8 25. Qe1 b4 26. cxb4 Rxb4 27. Bc1 Qb6 28. Kh1
Nb3 29. Bxb3 Rxb3 30. Rxb3 Qxb3 31. Qc3 Qb6 32. Nhf1 Qb7 33. Ne3 Bb5 34. Ngf5 g6
35. Ng3 Bg7 36. Nc2 h5 37. Qe1 h4 38. Nf1 c3 39. bxc3 Nh5 40. Nce3 Qb6 41. c4
Bd7 42. Ng4 Qd4 43. Be3 Qxc4 44. Rc1 Qxf1+ 45. Qxf1 Ng3+ 46. Kg1 Nxf1 47. Kxf1
f5 48. Nf2 f4 49. Bd2 Rb2 50. Ke2 Bb5+ 51. Ke1 Kh7 52. Nd1 Ra2 53. Rb1 Rb2 54.
Rxb2 Bd7 55. Nc3 Be8 56. Rb7 g5 57. Kf2 Kg6 58. Nb5 Bf8 59. Nc7 Bd7 60. Ne6 Bxe6
61. dxe6 d5 62. e7 1-0

[Event "Women's Speed Chess Q7"]
[Site "chess.com INT"]
[Date "2021.06.06"]
[Round "8"]
[White "Zhuravleva, Olga"]
[Black "Petrova, Irina"]
[Result "0-1"]
[WhiteTitle "WIM"]
[BlackTitle "WIM"]
[WhiteElo "2278"]
[BlackElo "2110"]
[WhiteFideId "4145933"]
[BlackFideId "14124122"]
[EventDate "2021.06.06"]

1. e4 d6 2. d4 Nf6 3. Bd3 e5 4. c3 d5 5. dxe5 Nxe4 6. Nf3 Nc6 7. O-O Bg4 8. Bf4
Be7 9. h3 Bh5 10. Nbd2 Nc5 11. Be2 Ne6 12. Bg3 O-O 13. Nb3 f6 14. exf6 Bxf6 15.
Qd2 Ne7 16. Nbd4 Nxd4 17. Nxd4 Bxe2 18. Nxe2 Nf5 19. Bh2 c6 20. Rad1 Qe7 21. Nf4
Rae8 22. Rfe1 Qd7 23. Qd3 Nd6 24. f3 Kh8 25. Kh1 Be5 26. Rxe5 Rxe5 27. Ng6+ hxg6
28. Bxe5 Nf5 29. Qd2 Qe6 30. Re1 Re8 31. f4 Qd7 32. Qf2 Re6 33. Qf3 Qe8 34. Qg4
Nd6 35. Qh4+ Kg8 36. Qg4 Nf5 37. Rf1 Qe7 38. Qf3 Qh4 39. Rd1 g5 40. Bd4 Qxf4 41.
Qxf4 gxf4 42. Kg1 g5 43. Bxa7 Kf7 44. Kf2 Kg6 45. Rd2 Nd6 46. Re2 Rxe2+ 47. Kxe2
Kf5 48. Bc5 Ne4 49. Bb6 Nd6 50. b3 Nb5 51. Kd3 g4 52. h4 g3 53. a4 Nd6 54. Bc7
Ne4 55. b4 Nf6 56. b5 cxb5 57. axb5 Ng4 58. Kd4 Ne3 59. h5 Nxg2 60. h6 Kg6 61.
Kxd5 f3 62. Bxg3 Ne3+ 0-1